000 00682nam a2200241Ia 4500
003 OSt
005 20220918201623.0
006 a|||||r|||| 00| 0
007 ta
008 220917b |||||||| |||| 00| 0 eng d
024 _a95,255
037 _cTextual
040 _aARTS
_cARTS
_beng
041 _2eng
_aeng
082 _aV2:1:N19, F8
110 _aIndian costitutional reforms Government of India's despatch
_999854
245 0 _aMarch 5th, 1919 and connected paper
260 _c1928
650 _aHISTORY
700 _aIndian costitutional reforms Government of India's despatch
_999855
942 _hV2:1:N19, F8
_cTEXL
_2CC
999 _c218878
_d218878